000 00766nam a22002417a 4500
003 UA-OsUOA
001 38923
007 ta
008 20060601b un ||||| |||| 00| 0 ukr d
100 _aКулик Б.М.
700 _aМасюкевич О.М.
090 _a81'38
_bК90
942 _cBK
040 _aUA-OsUOA
_bukr
_cUA-OsUOA
_dUA-OsUOA
245 _aЗбірник вправ з стилістики для середньої
_bПосібник для учителів
300 _a303 с.
955 _a2
041 _aukr
080 _a81'38
260 _aК.
_bРадянська школа
_c1958
650 7 _a8 Мовознавство. Художня література. Літературознавство
_2UDC
999 _c325071
_d325071